Library Banner

Yearly law reporter [YLR, 2022, Vol.XXIV] / (Record no. 130832)

MARC details
000 -LEADER
fixed length control field 00403nam a2200133 4500
005 - DATE AND TIME OF LATEST TRANSACTION
control field 20230523110114.0
008 - FIXED-LENGTH DATA ELEMENTS--GENERAL INFORMATION
fixed length control field 230523b ||||| |||| 00| 0 eng d
040 ## - CATALOGING SOURCE
Transcribing agency PK-LaUMT
082 ## - DEWEY DECIMAL CLASSIFICATION NUMBER
Classification number 348.5491026
Item number YEA-
245 ## - TITLE STATEMENT
Title Yearly law reporter [YLR, 2022, Vol.XXIV] /
Statement of responsibility, etc edited by Muhammad Wahaj Azhar and Kashif Mir Zubair
260 ## - PUBLICATION, DISTRIBUTION, ETC. (IMPRINT)
Place of publication, distribution, etc Lahore :
Name of publisher, distributor, etc PLD Publishers,
Date of publication, distribution, etc 2022
300 ## - PHYSICAL DESCRIPTION
Extent 4 vols.
942 ## - ADDED ENTRY ELEMENTS (KOHA)
Koha item type Books
Holdings
Withdrawn status Lost status Damaged status Home library Current library Date acquired Full call number Barcode Date last seen Copy number Price effective from Koha item type
      UMT Main Campus UMT Main Campus 2023-05-23 348.5491026 YEA- 144905 2023-05-23 Vol.1 2023-05-23 Books
      UMT Main Campus UMT Main Campus 2023-05-23 348.5491026 YEA- 144906 2023-05-23 Vol.2 2023-05-23 Books
      UMT Main Campus UMT Main Campus 2023-05-23 348.5491026 YEA- 144907 2023-05-23 Vol.3 2023-05-23 Books
      UMT Main Campus UMT Main Campus 2023-05-23 348.5491026 YEA- 144908 2023-11-07 Vol.4 2023-05-23 Books